000 00927nam a2200241 a 4500
001 000002653
003 DO-SdBNP
005 20250624120120.0
008 090703s2007 dr ac 000 0 spa d
040 _aDO-SdBNP
_bspa
_cBNPHU
049 _aBNPHD
082 4 _a972.9342
_bB352p
_222
100 1 _aBautista, Domingo,
_d1928-
_qDomingo Antonio Bautista Mejía
_98365
245 1 0 _aSi me permiten hablar :
_bla historia de Palma Sola /
_cDomingo Bautista ; prólogo, Alejandro Pichardo ; introducción, Ramón Colombo.
260 _aSanto Domingo :
_bTaller,
_c2007.
300 _a159 p. :
_bil., retrs. ;
_c21 cm.
500 _aIncluye datos biográficos del autor en la contracubierta.
651 7 _a República Dominicana, Palma Sola (San Juan)
_xHistoria local
_988173
700 1 2 _aPichardo, Alejandro,
_epról.
_9238
700 1 2 _aColombo, Ramón,
_98369
910 _aValidado. Control de calidad MFF
942 _2ddc
_cLBS1
999 _c2489
_d2489